5HLuxD.jpg

KING HENRY VIII SENIOR AND PRIMARY SCHOOL LIBRARY OPAC

The Hidden treasure / (Record no. 3440)

000 -LEADER
fixed length control field 02079cam a22005657i 4500
001 - CONTROL NUMBER
control field 18399420
003 - CONTROL NUMBER IDENTIFIER
control field OSt
005 - DATE AND TIME OF LATEST TRANSACTION
control field 20240120121503.0
008 - FIXED-LENGTH DATA ELEMENTS--GENERAL INFORMATION
fixed length control field 141208s2015 nyua j 000 1 eng d
010 ## - LIBRARY OF CONGRESS CONTROL NUMBER
LC control number 2014958803
020 ## - INTERNATIONAL STANDARD BOOK NUMBER
International Standard Book Number 9781442498297 (pbk.)
035 ## - SYSTEM CONTROL NUMBER
System control number (OCoLC)ocn904024510
040 ## - CATALOGING SOURCE
Original cataloging agency NYP
Language of cataloging eng
Transcribing agency NYP
Description conventions rda
Modifying agency APL
-- YDXCP
-- BTCTA
-- BDX
-- TOH
-- JBL
-- OCP
-- DAD
-- OCLCF
-- DLC
-- KH8
042 ## - AUTHENTICATION CODE
Authentication code lccopycat
082 04 - DEWEY DECIMAL CLASSIFICATION NUMBER
Classification number FIC BUR
Edition number 23
100 1# - MAIN ENTRY--PERSONAL NAME
Personal name Burkhart, Jessica,
Relator term author.
245 14 - TITLE STATEMENT
Title The Hidden treasure /
Statement of responsibility, etc. by Jessica Burkhart ; illustrated by Victoria Ying.
250 ## - EDITION STATEMENT
Edition statement Aladdin hardcover edition.
264 #1 - PRODUCTION, PUBLICATION, DISTRIBUTION, MANUFACTURE, AND COPYRIGHT NOTICE
Place of production, publication, distribution, manufacture New York :
Name of producer, publisher, distributor, manufacturer Aladdin,
Date of production, publication, distribution, manufacture, or copyright notice 2015.
300 ## - PHYSICAL DESCRIPTION
Extent 104 pages :
Other physical details illustrations ;
Dimensions 22 cm
336 ## - CONTENT TYPE
Content type term text
Content type code txt
Source rdacontent
337 ## - MEDIA TYPE
Media type term unmediated
Media type code n
Source rdamedia
338 ## - CARRIER TYPE
Carrier type term volume
Carrier type code nc
Source rdacarrier
490 1# - SERIES STATEMENT
Series statement Unicorn magic ;
Volume/sequential designation book 4
520 ## - SUMMARY, ETC.
Summary, etc. When Princess Bella throws a farewell party for her cousin, her evil aunt shows up and demands that Bella find a magic crystal hidden in the castle or lose Glimmer forever.
521 1# - TARGET AUDIENCE NOTE
Target audience note Ages 6-9.
650 #0 - SUBJECT ADDED ENTRY--TOPICAL TERM
Topical term or geographic name entry element Unicorns
Form subdivision Juvenile fiction.
650 #0 - SUBJECT ADDED ENTRY--TOPICAL TERM
Topical term or geographic name entry element Pets
Form subdivision Juvenile fiction.
650 #0 - SUBJECT ADDED ENTRY--TOPICAL TERM
Topical term or geographic name entry element Cousins
Form subdivision Juvenile fiction.
650 #0 - SUBJECT ADDED ENTRY--TOPICAL TERM
Topical term or geographic name entry element Crystals
Form subdivision Juvenile fiction.
650 #0 - SUBJECT ADDED ENTRY--TOPICAL TERM
Topical term or geographic name entry element Aunts
Form subdivision Juvenile fiction.
650 #0 - SUBJECT ADDED ENTRY--TOPICAL TERM
Topical term or geographic name entry element Princesses
Form subdivision Juvenile fiction.
650 #1 - SUBJECT ADDED ENTRY--TOPICAL TERM
Topical term or geographic name entry element Unicorns
Form subdivision Fiction.
650 #1 - SUBJECT ADDED ENTRY--TOPICAL TERM
Topical term or geographic name entry element Pets
Form subdivision Fiction.
650 #1 - SUBJECT ADDED ENTRY--TOPICAL TERM
Topical term or geographic name entry element Cousins
Form subdivision Fiction.
650 #1 - SUBJECT ADDED ENTRY--TOPICAL TERM
Topical term or geographic name entry element Crystals
Form subdivision Fiction.
650 #1 - SUBJECT ADDED ENTRY--TOPICAL TERM
Topical term or geographic name entry element Aunts
Form subdivision Fiction.
650 #1 - SUBJECT ADDED ENTRY--TOPICAL TERM
Topical term or geographic name entry element Princesses
Form subdivision Fiction.
650 #7 - SUBJECT ADDED ENTRY--TOPICAL TERM
Topical term or geographic name entry element Aunts.
Source of heading or term fast
Authority record control number or standard number (OCoLC)fst00821339
650 #7 - SUBJECT ADDED ENTRY--TOPICAL TERM
Topical term or geographic name entry element Cousins.
Source of heading or term fast
Authority record control number or standard number (OCoLC)fst00881894
650 #7 - SUBJECT ADDED ENTRY--TOPICAL TERM
Topical term or geographic name entry element Crystals.
Source of heading or term fast
Authority record control number or standard number (OCoLC)fst00884667
650 #7 - SUBJECT ADDED ENTRY--TOPICAL TERM
Topical term or geographic name entry element Pets.
Source of heading or term fast
Authority record control number or standard number (OCoLC)fst01059908
650 #7 - SUBJECT ADDED ENTRY--TOPICAL TERM
Topical term or geographic name entry element Princesses.
Source of heading or term fast
Authority record control number or standard number (OCoLC)fst01076505
650 #7 - SUBJECT ADDED ENTRY--TOPICAL TERM
Topical term or geographic name entry element Unicorns.
Source of heading or term fast
Authority record control number or standard number (OCoLC)fst01161301
655 #7 - INDEX TERM--GENRE/FORM
Genre/form data or focus term Fiction.
Source of term fast
Authority record control number or standard number (OCoLC)fst01423787
655 #7 - INDEX TERM--GENRE/FORM
Genre/form data or focus term Juvenile works.
Source of term fast
Authority record control number or standard number (OCoLC)fst01411637
700 1# - ADDED ENTRY--PERSONAL NAME
Personal name Ying, Victoria,
Relator term illustrator.
800 1# - SERIES ADDED ENTRY--PERSONAL NAME
Personal name Burkhart, Jessica.
Title of a work Unicorn magic ;
Volume/sequential designation book 4.
942 ## - ADDED ENTRY ELEMENTS (KOHA)
Source of classification or shelving scheme
Koha item type Books - Fiction
Holdings
Withdrawn status Lost status Source of classification or shelving scheme Damaged status Not for loan Collection code Permanent Location Current Location Shelving location Date acquired Total Checkouts Total Renewals Full call number Barcode Date last seen Date last checked out Price effective from Koha item type
          Fiction KH8 Primary School Library KH8 Primary School Library Non Fiction 2024-01-20 10 2 FIC BUR KHPL000004386 2025-12-05 2025-11-03 2024-01-20 Books - Fiction

Powered By KH8 IT Dept